| 000 | 00430nam a2200169 a 4500 | ||
|---|---|---|---|
| 001 | 2144 | ||
| 005 | 20140414131923.0 | ||
| 008 | 001116s19uu xx 00 eng d | ||
| 050 |
_aER _bT42 |
||
| 100 | _aAndersen, Hans Christian | ||
| 245 |
_aThumbelina / _cHans Christian Andersen. |
||
| 260 |
_aTokyo : _bFroebel-kan. |
||
| 300 | _ap. : ill. ; cm. | ||
| 440 | _aHans Andersen's | ||
| 650 | _aFairy tales. | ||
| 999 |
_c111858 _d111858 |
||